<?xml version="1.0" encoding="UTF-8"?>
<marc:record xmlns:marc="http://www.loc.gov/MARC21/slim">
   <marc:leader>00000nam a2200000 a 4500</marc:leader>
   <marc:datafield ind1="1" ind2=" " tag="100">
      <marc:subfield code="a">Berg, Ellen</marc:subfield>
      <marc:subfield code="4">aut</marc:subfield>
      <marc:subfield code="e">Verfasser/-in</marc:subfield>
   </marc:datafield>
   <marc:datafield ind1=" " ind2=" " tag="653">
      <marc:subfield code="a">Humor</marc:subfield>
   </marc:datafield>
   <marc:datafield ind1=" " ind2=" " tag="653">
      <marc:subfield code="a">Ehe</marc:subfield>
   </marc:datafield>
   <marc:datafield ind1=" " ind2=" " tag="653">
      <marc:subfield code="a">Scheidung</marc:subfield>
   </marc:datafield>
   <marc:datafield ind1=" " ind2=" " tag="653">
      <marc:subfield code="a">Ironie</marc:subfield>
   </marc:datafield>
   <marc:datafield ind1=" " ind2=" " tag="653">
      <marc:subfield code="a">Ehebruch</marc:subfield>
   </marc:datafield>
   <marc:datafield ind1="0" ind2="0" tag="245">
      <marc:subfield code="a">Ich schenk dir die Hölle auf Erden</marc:subfield>
   </marc:datafield>
   <marc:datafield ind1="0" ind2="0" tag="245">
      <marc:subfield code="b">(k)ein Trennungs-Roman</marc:subfield>
   </marc:datafield>
   <marc:datafield ind1=" " ind2="1" tag="264">
      <marc:subfield code="b">Aufbau Taschenbuch Verl.</marc:subfield>
      <marc:subfield code="c">2017</marc:subfield>
   </marc:datafield>
   <marc:datafield ind1="1" ind2=" " tag="520">
      <marc:subfield code="a">Klappentext: Als Carina entdeckt, dass Ehemann Jonas sie betrügt, bricht ihre Welt zusammen. Klar, Lust und Leidenschaft sind nach Jahren der Ehe und zwei Kindern auf der Strecke geblieben. Doch dass Jonas mit seiner Geliebten genau das genießt, was sich Carina immer vergebens gewünscht hat, ist zu viel. Sie beschließt, ihn in die Scheidungshölle zu schicken. Und seine Neue gleich dazu. Ein einmalig komischer Rachefeldzug nimmt seinen Lauf, bei dem Carina völlig neue Seiten an sich kennenlernt. Doch dann steht Jonas wieder vor der Tür à  Biografie Ellen Berg, geboren 1969, studierte Germanistik und arbeitete als Reiseleiterin und in der Gastronomie. Heute schreibt und lebt sie mit ihrer Tochter auf einem kleinen Bauernhof im Allgäu. Ihre bisherigen Romane "Du mich auch. Ein Rache-Roman", "Das bisschen Kuchen. (K)ein Diät-Roman", "Den lass ich gleich an. (K)ein Single-Roman", "Ich koch dich tot. (K)ein Liebesroman", "Gib's mir Schatz. (K)ein Fessel-Roman", "Zur Hölle mit Seniorentellern. (K)ein Rentner-Roman" und "Ich will es doch auch.(K)ein Beziehungsroman" liegen im Aufbau Taschenbuch und als E-Book vor und sind große Erfolge.</marc:subfield>
   </marc:datafield>
   <marc:datafield ind1=" " ind2=" " tag="020">
      <marc:subfield code="a">9783746632902</marc:subfield>
      <marc:subfield code="9">9783746632902</marc:subfield>
   </marc:datafield>
</marc:record>
